Isms Quiz Stats

 Plays Quiz Updated Nov 6, 2018

Support Sporcle.
Go Orange.
Score 0/18 Timer 05:00
0 Plays Today
Hint -ism % Correct
Prejudice against an ethnic groupRacism
97.3%
The state of having positive beliefs, the opposite of pessimismOptimism
92.2%
Compulsive use of booze, moonshine, spirits, etc.Alcoholism
85.2%
A ceremonial immersion in water...or by fireBaptism
78.8%
The eating of the flesh of an animal by another animal of its own kindCannibalism
77.3%
The belief that one gender is inferior or less competent than the otherSexism
76.9%
Single-celled or not, it's a living thingOrganism
73.1%
A transparent solid body used for dispersing light into a spectrumPrism
72.5%
Theory in which class struggle is main agency for social change...not invented by GrouchoMarxism
68.6%
Hint -ism % Correct
Intellectual, philosophical and political discourse aimed at equal rights and legal protection for womenFeminism
67.5%
Prices are determined by competition, supply, and demand - for Michael Moore, it's a love storyCapitalism
65.9%
The use of violence and coercion for political purposes, Jack Bauer spends his days fighting thisTerrorism
62.5%
Total rejection of established laws. No, Donny...there's nothing to be afraid ofNihilism
53.3%
The Pablo Picasso and Georges Braque created 20th century art styleCubism
50.9%
The practice of traveling for recreationTourism
46.9%
Paralytic illness of the nervous system often acquired from spoiled foodsBotulism
33.3%
The art of analyzing works of art or literature or Sporcle quizzesCriticism
29.8%
A way of describing an offensive thing by an inoffensive expressionEuphemism
29.5%

You're not logged in!

Compare scores with friends on all Sporcle quizzes.
OR
Log In
Forgot?

From the Vault

Pick a Pork Dish

by hellofromUK

Sadly, these little piggies did not go "wee, wee, wee" all the way home.
Remove Ads.
Support Sporcle.
Get the best of Sporcle when you Go Orange. This ad-free experience offers more features, more stats, and more fun while also helping to support Sporcle. Thank you for becoming a member.

Show Comments

Extras

Top Quizzes Today


Score Distribution

Your Account Isn't Verified!

In order to create a playlist on Sporcle, you need to verify the email address you used during registration. Go to your Sporcle Settings to finish the process.

Report this User

Report this user for behavior that violates our Community Guidelines.

Details: